000 00391 a2200169 4500
003 OSt
005 20211103083854.0
008 211103b |||||||| |||| 00| 0 eng d
020 _a0393924483
040 _chu
082 _a327
100 _amingest karen
_916671
245 _aessentials international relations
260 _aU S A
_bhall
_c2004
300 _a352
942 _2ddc
_cBOOKS
_n0
999 _c16369
_d16369